| 000 | 01704cam a2200313u 4500 | ||
|---|---|---|---|
| 001 | 3017 | ||
| 003 | FISKH | ||
| 005 | 20240130154645.0 | ||
| 008 | 830118s1957 enka 000 0 eng | ||
| 010 | _a 57045803 | ||
| 040 |
_aDLC _cCarP _dDLC _beng |
||
| 050 | _aPR4568.A1 | ||
| 082 | _a823.8 | ||
| 100 | 1 |
_aDickens, Charles, _d1812-1870. |
|
| 245 | 1 | 0 |
_aOur mutual friend / _cCharles Dickens ; Introduction by G. K. Chesterton |
| 250 | _aThis edition published in 1957 | ||
| 260 |
_aLondon, _bAldine Press, _c1907 |
||
| 300 |
_a779 pages : _c19 cm |
||
| 520 | _aA satiric masterpiece about the allure and peril of money, "Our Mutual Friend" revolves around the inheritance of a dust-heap where the rich throw their trash. When the body of John Harmon, the dust-heap's expected heir, is found in the Thames, fortunes change hands surprisingly, raising to new heights "Noddy" Boffin, a low-born but kindly clerk who becomes "the Golden Dustman." Charles Dickens's last complete novel, "Our Mutual Friend" encompasses the great themes of his earlier works: the pretensions of the nouveaux riches, the ingenuousness of the aspiring poor, and the unfailing power of wealth to corrupt all who crave it. With its flavorful cast of characters and numerous subplots, "Our Mutual Friend" is one of Dickens's most complex--and satisfying--novels. | ||
| 650 | 0 |
_aInheritance and succession _vFiction. |
|
| 650 | 0 |
_aSocial classes _vFiction. |
|
| 650 | 0 |
_aPoor families _vFiction. |
|
| 650 | 0 |
_aDeception _vFiction. |
|
| 651 | 0 |
_aLondon (England) _vFiction. |
|
| 655 | 7 |
_aLove stories. _2gsafd |
|
| 655 | 7 |
_aSatire. _2lcsh |
|
| 906 |
_a0 _bcbc _cpremunv _du _encip _f19 _gy-gencatlg |
||
| 942 |
_2ddc _cBK _n0 |
||
| 999 |
_c3017 _d3017 |
||